Wertvollsten Fast Food Ketten 2025 - Statistiken

Allgemein
  • Dieses Quiz wurde 149 mal gespielt
  • Das Durchschnittsergebnis liegt bei 5 aus 10
Antwortstatistiken
Wert in $ Marke % Korrekt
200 Mrd. McDonalds
100%
15 Mrd. KFC
84%
8 Mrd. Subway
81%
4,8 Mrd. Pizza Hut
52%
5 Mrd. Wendy's
46%
6,7 Mrd. Domino's
44%
65 Mrd. Starbucks
42%
6,9 Mrd. Taco Bell
32%
5,7 Mrd. Chick-fil-A
9%
6,8 Mrd. Tim Hortons
1%
Keine übereinstimmenden Quizze gefunden
Verteilung der Resultate
Anzahl Personen mit jedem Resultat
Perzentil nach korrekt beantworteten Fragen
Ihre Resultats-Entwicklung
Sie haben dieses Quiz noch nicht gespielt